Environmental liability Directive (Record no. 69530)

MARC details
000 -LEADER
fixed length control field 01182cam a2200229 4500
001 - CONTROL NUMBER
control field WB3806-18
008 - FIXED-LENGTH DATA ELEMENTS--GENERAL INFORMATION
fixed length control field 020214n2002 000 0 eng u
035 ## - SYSTEM CONTROL NUMBER
System control number (Sirsi) u116727
245 ## - TITLE STATEMENT
Title Environmental liability Directive
260 ## - PUBLICATION, DISTRIBUTION, ETC.
Date of publication, distribution, etc. 2002
490 ## - SERIES STATEMENT
Series statement RICS European Alert
Volume/sequential designation February 2002, (1)
520 ## - SUMMARY, ETC.
Summary, etc. Two years in the making, the European Commission finally adopted a proposal for a legal framework for environmental liability on 23 January 2002. The Directive aims both to prevent and restore environmental damage under the ♯polluter paysα principle. Water pollution, damage to biodiversity and land contamination which causes serious harm to human health all come under the scope of the Directive. RICS is preparing a response. For further information contact Sían Hughes, [email protected]. http://www.rics.org/ricscms/bin/show?class=News&template=/includes/shownews.html&id=1875
590 ## - LOCAL NOTE (RLIN)
Local note WB
650 ## - SUBJECT ADDED ENTRY--TOPICAL TERM
Topical term or geographic name entry element POLLUTER PAYS PRINCIPLE
650 ## - SUBJECT ADDED ENTRY--TOPICAL TERM
Topical term or geographic name entry element POLLUTION
650 ## - SUBJECT ADDED ENTRY--TOPICAL TERM
Topical term or geographic name entry element Contamination
9 (RLIN) 6231
650 ## - SUBJECT ADDED ENTRY--TOPICAL TERM
Topical term or geographic name entry element ENVIRONMENTAL DAMAGE
650 ## - SUBJECT ADDED ENTRY--TOPICAL TERM
Topical term or geographic name entry element EU DIRECTIVES
650 ## - SUBJECT ADDED ENTRY--TOPICAL TERM
Topical term or geographic name entry element ENVIRONMENTAL LIABILITY
690 ## - LOCAL SUBJECT ADDED ENTRY--TOPICAL TERM (OCLC, RLIN)
Topical term or geographic name as entry element ENVIRONMENT-CONTAMINATION
942 ## - ADDED ENTRY ELEMENTS (KOHA)
Suppress in OPAC 0
Holdings
Withdrawn status Lost status Source of classification or shelving scheme Damaged status Not for loan Home library Current library Shelving location Date acquired Total Checkouts Full call number Barcode Date last seen Copy number Price effective from Koha item type
    Dewey Decimal Classification     London London News article 14/02/2002   WB3806-18 116727-1001 06/08/2019 1 06/08/2019 News article